00687nam a22002177a 450000500170000001000130001702000220003003500130005203700160006504000120008108200130009310000220010624501020012826000550023027000580028530000210034350000190036465000350038365000280041870000230044620170124110009.0 aB-058942 c00.00a8173912734 aB-058942 bCen Lib/Ret aDPLbEN a350bRAO aRao, M.G.Ramakant aPolicies and politics in grassroots administration /cby M.G.Ramakant Rao [and] Prashant K.Mathur aNew DelhibKanishka publishers Diostributorsc2001 a4697/5-21 A,Ansari Road Darya GanjbNew Delhie110002 a328p. c21cm(Hb) aIncludes index aPublic administration -- India aPolitics and government aMathur, Prashant K